000 00833nas a2200277 4500
001 BR0103669
003 BR-BrBNA
005 20231205102342.0
007 ta
008 230509b bl.|||p| |||| 00| 00por d
040 _aBR-BrBNA
_bpor
_cBiblioteca Nacional de Agricultura
041 _a(Pt)
072 _aF02
100 1 _aMartins, L.
100 1 _aPedrotti, E.L.
245 1 _aEnraizamento in vitro e ex vitro dos porta-enxertos de macieira M.7, M.9 e Marubakaido
650 _aMaca
650 _aMicropropagacao
650 _aAclimatacao
650 _aEnraizamento
650 _aPorta Enxerto
650 _aAcido Indolbutirico
773 0 _tRevista Brasileira de Fruticultura (Brazil)
_xISSN 0100-2945
_g(Apr 2001), v. 23(1) p. 11-16
_wBR0103669
909 _a202311
_bLúcia
_c55
_dLúcia Elande
942 _2AGRIS
_n0
_cANA
999 _c167132
_d167132